LIBRARY & INFORMATION CENTRE, KCAET, TAVANUR

ONLINE PUBLIC ACCESS CATALOGUE (OPAC)

Grape in India / (Record no. 12055)

MARC details
000 -LEADER
fixed length control field 00420cam a2200157ua 4500
003 - CONTROL NUMBER IDENTIFIER
control field OSt
008 - FIXED-LENGTH DATA ELEMENTS--GENERAL INFORMATION
fixed length control field 220216b ||||| |||| 00| 0 eng d
041 ## - LANGUAGE CODE
Language code of text/sound track or separate title eng
082 ## - DEWEY DECIMAL CLASSIFICATION NUMBER
Classification number 634.32
Item number PAN/GR
100 ## - MAIN ENTRY--AUTHOR NAME
Personal name Raj mani, Pandey .
245 ## - TITLE STATEMENT
Title Grape in India /
260 ## - PUBLICATION, DISTRIBUTION, ETC. (IMPRINT)
Place of publication New Delhi :
Name of publisher Indian Council for Agricultural Research ,
Year of publication 1996.
300 ## - PHYSICAL DESCRIPTION
Number of Pages 115 ; .
700 1# - ADDED ENTRY--PERSONAL NAME
Personal name Shyam Nagina, Pandey .
942 ## - ADDED ENTRY ELEMENTS (KOHA)
Koha item type Books
Holdings
Withdrawn status Lost status Damaged status Home library Current library Date acquired Full call number Accession Number Koha item type
      KAUAET KAUAET 07/04/2012 634.32 20843 Books
free website counter